Quiz do Iraque - Statistics

Estatísticas Gerais
  • Esse quiz foi jogado 1 406 vezes
  • A pontuação média é 9 de 20
Estatísticas das Respostas
Dica Resposta % Correto
Línguas oficiais Árabe
92%
Golfo fazendo fronteira com o Iraque Golfo {Pérsico}
89%
O Iraque teve uma guerra com esse país entre 1980-1988 Irão
89%
Capital Bagdá
84%
Dois rios mais longos Rio Tigre
63%
Dois rios mais longos Rio Eufrates
62%
País invadido pelo Iraque em 1990 Kuweit
60%
Nome antigo para a região entre esses dois rios Mesopotâmia
56%
Ditador do Iraque, 1979-2003 Saddam Hussein
56%
Esse patriarca bíblico nasceu na cidade de Ur Abraão
34%
"Califado" que operou no Iraque na década de 2010 Estado Islâmico
33%
Duas palavras, significando "Deus é o maior", sendo escrito na bandeira Iraquiana Allahu Akbar
32%
Línguas oficiais Curdo
31%
Capital antiga onde o grande zigurate foi localizado Babilônia
28%
Moeda oficial Dinar
28%
Esses invasores saquearam a capital em 1258 d. C., acabando a idade de ouro islâmica Os Mongóis
24%
Esse marinheiro fictício foi dito que vivia no Iraque Simbad
16%
Partido político do acima Ba'ath
13%
Maior cidade no sul do Iraque Baçorá
12%
Antiga prisão americana onde os detidos foram abusados Abu Ghraib
9%
Nenhum quiz correspondente encontrado
Distribuição das Pontuações
Porcentagem de Pessoas com Cada Pontuação
Percentil de Números Respondidos
Sua Pontuação Histórica
Você não jogou esse quiz